Quimica general superior
-д хадгалсан:
| Үндсэн зохиолчид: | , , |
|---|---|
| Формат: | Ном |
| Хэл сонгох: | испани |
| Хэвлэсэн: |
Madrid
Interamericana McGraw-Hill
1987
|
| Хэвлэл: | 6a. ed |
| Нөхцлүүд: | |
| Шошгууд: |
Шошго нэмэх
Шошго байхгүй, Энэхүү баримтыг шошголох эхний хүн болох!
|
MARC
| LEADER | 00000nam a2200000 a 4500 | ||
|---|---|---|---|
| 001 | UCH1279 | ||
| 003 | CL-VaPUC | ||
| 008 | 090416e19870000SP |||||||||||||||||spa|d | ||
| 020 | |a 847605369X | ||
| 082 | 0 | 4 | |a 540 |b MAS |2 21 |
| 100 | |a Masterton, William L. |e autor |9 535692 | ||
| 700 | 0 | |a Slowinski, Emil J |e author |9 535693 | |
| 700 | 0 | |a Stanitski, Conrad L |e author |9 535694 | |
| 245 | 1 | 0 | |a Quimica general superior |
| 250 | |a 6a. ed | ||
| 300 | |a 803 p | ||
| 942 | |c BK | ||
| 945 | |d 20090416 00:00:00 |a rbrito | ||
| 260 | |a Madrid |b Interamericana McGraw-Hill |c 1987 | ||
| 650 | 0 | |a Química |9 259896 | |
| 650 | 0 | |a Átomos |9 259583 | |
| 650 | 0 | |a Termoquímica |9 337401 | |
| 650 | 0 | |a Gases |9 260945 | |
| 650 | 0 | |a Átomos |9 259583 | |
| 650 | 0 | |a Enlaces químicos |9 306789 | |
| 650 | 0 | |a Metales |9 260686 | |
| 650 | 0 | |a Reacciones químicas |9 259438 | |
| 650 | 0 | |a Ácidos |9 344389 | |
| 650 | 0 | |a Oxidación |9 326616 | |
| 650 | 7 | |a REACCIONES NUCLEARES |2 CL-VaPUC |9 370148 | |
| 583 | |a last modification |c 20090416 00:00:00 |k Rodrigo Vera | ||
| 999 | |c 333332 |d 333330 | ||
| 952 | |0 0 |1 0 |4 0 |6 540_000000000000000_MAS_1987 |7 0 |8 A |9 421663 |a BIBCUR |b BIBCUR |d 2019-11-22 |i 4537459 |o 540 MAS 1987 |p 4537459 |r 2025-04-22 |w 2019-11-22 |y BK |k QUI | ||